| 000 | 00435nam a2200145Ia 4500 | ||
|---|---|---|---|
| 008 | 151015s9999 xx 000 0 und d | ||
| 020 | _a9.7800731376e+012 | ||
| 050 | _aHF5415.13.P387 2007 | ||
| 245 | _aPeter J. Paul | ||
| 250 | _a_Marketing mangement Knowledge and skills J. Peter Paul | ||
| 300 | _aBoston McGraw-Hill 2007 | ||
| 500 | _aInclude index | ||
| 650 | _a_Marketing management | ||
| 700 | _a^d20120829 11:47:12^okorir | ||
| 999 |
_c3676 _d3676 |
||